Southville International School and Colleges
Your cart is empty.
  • Cart
  • Lists
    Public lists Eva Luna New books Lux_list list_1
    Your lists Log in to create your own lists
  • Log in to your account
  • Your cookies
  • Search history
Southville International School and Colleges
  • Advanced search
  • Recent comments
  • Most popular
  • Libraries

Log in to your account

Log in with GOOGLE


If you do not have an external account, but do have a local account, you can still log in:

  1. Home
  2. MARC view: Dick Whittington /
Normal view MARC view ISBD view

Dick Whittington / (Record no. 111179)

[ view plain ]
MARC details
000 -LEADER
fixed length control field 00433nam a2200169 a 4500
001 - CONTROL NUMBER
control field 0629
005 - DATE AND TIME OF LATEST TRANSACTION
control field 20140414131910.0
008 - FIXED-LENGTH DATA ELEMENTS--GENERAL INFORMATION
fixed length control field 040201s19uu xx 00 eng d
020 ## - INTERNATIONAL STANDARD BOOK NUMBER
International Standard Book Number 1-86136-052-5
050 ## - LIBRARY OF CONGRESS CALL NUMBER
Classification number ER
Item number D55 1997
100 ## - MAIN ENTRY--PERSONAL NAME
Personal name Daniel, Carol
245 ## - TITLE STATEMENT
Title Dick Whittington /
Statement of responsibility, etc Carol Daniel.
260 ## - PUBLICATION, DISTRIBUTION, ETC. (IMPRINT)
Name of publisher, distributor, etc Anker International,
Date of publication, distribution, etc 1997.
300 ## - PHYSICAL DESCRIPTION
Extent p. ; cm.
440 ## - SERIES STATEMENT/ADDED ENTRY--TITLE
Title A tale from the land of nod
Holdings
Withdrawn status Lost status Damaged status Use restrictions Home library Current library Shelving location Date acquired Source of acquisition Total Checkouts Full call number Barcode Date last seen Price effective from Koha item type
        Munich Library Munich Library Easy Reading Section 02/01/2004     ER D55 1997 M1774 04/14/2014 04/14/2014 Books

Dick Whittington /

APA

Daniel C., . (1997). Dick Whittington. : Anker International.

Chicago

Daniel Carol, . 1997. Dick Whittington. : Anker International.

Harvard

Daniel C., . (1997). Dick Whittington. : Anker International.

MLA

Daniel Carol, . Dick Whittington. : Anker International. 1997.

  • Place hold
  • Print
  • Cite
  • Add to your cart (remove)
  • Save record
    BIBTEX Dublin Core MARCXML MARC (non-Unicode/MARC-8) MARC (Unicode/UTF-8) MARC (Unicode/UTF-8, Standard) MODS (XML) RIS
  • More searches
    Search for this title in:
    Other Libraries (WorldCat) Other Databases (Google Scholar) Online Stores (Bookfinder.com) Open Library (openlibrary.org)

Exporting to Dublin Core...

SOUTHVILLE LIBRARY

Southville International School and Colleges Library

1281 Tropical Ave. Cor. Luxembourg St., BF Homes International, Las Pinas City

Tel. No. 8256374 / 252358 Loc. 117/146

Powered by Koha